| 000 | 02057cam a22003254a 4500 | ||
|---|---|---|---|
| 001 | 12297426 | ||
| 003 | OSt | ||
| 005 | 20231019121227.0 | ||
| 008 | 010202s1999 stka f 001 0 eng | ||
| 010 | _a 2001266957 | ||
| 020 | _a0443102732 | ||
| 020 | _a9780443102738 | ||
| 040 |
_aWIUC - GH _cWIUC - GH _dDLC |
||
| 042 | _apcc | ||
| 050 | 0 | 0 |
_aRD732.5 _b.M375 |
| 082 | 0 | 0 |
_a617.1/5 _221 |
| 100 | 1 |
_aMcRae, Ronald. _92593 |
|
| 245 | 1 | 0 |
_aPocketbook of orthopaedics and fractures / _cRonald McRae. |
| 246 | 3 | 0 | _aOrthopaedics and fractures |
| 250 | _a2nd ed | ||
| 260 |
_aEdinburgh ; _aNew York : _bChurchill Livingstone, _c2006 |
||
| 300 |
_aviii, 552 p. : _bill., index ; _c19 cm. |
||
| 500 | _aIncludes index. | ||
| 505 | _aContents: 1. Orthopaedic examination: General principles -- Segmental and peripheral nerves -- The cervical spine -- the shoulder -- the elbow -- the wrist -- The hand -- The thoracic and lumbar spine -- The hip -- The knee -- the tibia -- The ankle -- The foot -- 2. Fractures and dislocations: Fractures: basic terminology -- The diagnosis of fractures and the principles of treatment -- Closed reduction and fixation of fractures -- Open fractures/gunshot wounds/internal fixation -- Fracture healing/complications/pathological fractures -- Regional injuries: the shoulder girdle and humerus -- Regional injuries: the elbow -- Regional injuries:the forearm bones -- Regional injuries: the wrist and hand -- Regional injuries: the spine -- Regional injuries: fractures of the pelvis, hip and femoral neck -- Regional injuries: fractures of femur and injuries about the knee -- Regional injuries: fractures of the tibia -- Regional injuries: the ankle -- Regional injuries: the foot -- The fracture clinic. | ||
| 650 | 0 |
_aOrthopedics _vHandbooks, manuals, etc. _92594 |
|
| 650 | 0 |
_aFractures _vHandbooks, manuals, etc. _92595 |
|
| 906 |
_a7 _bcbc _corignew _d2 _encip _f20 _gy-gencatlg |
||
| 942 |
_2lcc _cBK |
||
| 999 |
_c10136 _d17636 |
||